000 01800nam a2200505 i 4500
001 19307
003 KOSZ 005
005 20210413122308.0
008 000320s1980 pl a f f |000 0 pol
015 _aUWD 1980/8308
035 _a991013631979705066
035 _a(PL-WaBN)b13670451-48omnis_nlop
035 _ab13670451
035 _a(OCoLC)830241865
035 _axx004107435
035 _a(PL)b0000001367045
035 _a(EXLNZ-48OMNIS_NETWORK)9910033247905606
040 _aWA N
_cWA N
_dKOSZ 005/HR
041 0 _apol
046 _k1980
080 _a629.5
080 _a(075.8)
100 1 _aPacześniak, Jerzy
_d(1909-1990)
_eAutor
245 1 0 _aProjektowanie okrętów.
_nCz. 3,
_pSpecyficzne cechy różnych odmian morskich statków handlowych /
_cJerzy Pacześniak ; Politechnika Gdańska.
246 3 0 _aSpecyficzne cechy różnych odmian morskich statków handlowych
260 _aGdańsk :
_bWydaw. PG,
_c1980.
300 _a270 s., [7] k. tabl. :
_bil., wykr. ;
_c25 cm. +
_eAtlas ([69] k. : il.) ; 36 cm
336 _aTekst
_btxt
_2rdacontent
337 _aBez urządzenia pośredniczącego
_bn
_2rdamedia
338 _aWolumin
_bnc
_2rdacarrier
380 _aKsiążki
380 _aPublikacje dydaktyczne
385 _mPoziom nauczania
_aSzkoły wyższe
388 _a1901-2000
388 _a1945-1989
650 7 _aStatki
_2DBN
650 7 _aProjektowanie
655 7 _aPodręczniki akademickie
_2DBN
658 _aInżynieria i technika
700 1 _aStaszewski, Janusz
_d(1912-2000)
_eAutor
710 2 _aWydawnictwo Politechniki Gdańskiej
_4pbl
856 _uhttp://koha.tu.koszalin.pl/cgi-bin/koha/opac-detail.pl?biblionumber=19307
_yKatalog online BPK
942 _2UKD
_cKS
999 _c19307
_d19307